Countries by Percentage of Water Territory - Statistics

General Stats
  • This quiz has been taken 121 times
  • The average score is 9 of 13
Answer Stats
% Region Country % Correct
27.88 Caribbean Bahamas
83%
10.15 Nordic Region Finland
82%
25.00 Southeast Asia Indonesia
81%
12.90 Southeast Asia Philippines
74%
98.47 Oceania Marshall Islands
69%
18.41 Western Europe Netherlands
66%
11.47 West Africa Gambia
65%
20.60 East Africa Malawi
63%
22.16 West Africa Guinea-Bissau
62%
14.12 East Africa Eritrea
61%
18.23 East Africa Uganda
61%
13.51 West Africa Liberia
58%
10.34 Southeast Asia Taiwan
58%
No matching quizzes found
Score Distribution
Percent of People with Each Score
Percentile by Number Answered
Your Score History
You have not taken this quiz